[Event "Koop Tjuchem"]
[Site "Groningen"]
[Date "1996.??.??"]
[Round "8"]
[White "Shirov, Alexei"]
[Black "Short, Nigel D"]
[Result "1-0"]
[WhiteElo "2685"]
[BlackElo "2695"]
[Annotator "Shirov,A"]
[PlyCount "83"]
[EventDate "1996.12.20"]
[EventType "tourn"]
[EventRounds "11"]
[EventCountry "NED"]
[EventCategory "16"]
[SourceTitle "CBM 057"]
[Source "ChessBase"]
[SourceDate "1997.04.01"]
[SourceVersion "1"]
[SourceVersionDate "1997.04.01"]
[SourceQuality "1"]

{Wedberg: Alexei Shirov plays a new move (12.d4!?) against a line that has
been serving Black quite well in the recent years.} 1. e4 {Ftacnik Wedberg} e5
2. Nf3 Nc6 3. Bb5 a6 4. Bxc6 dxc6 5. O-O Qd6 6. Na3 b5 7. c3 c5 8. Nc2 Ne7 9.
a4 (9. d4 {Ftacnik} cxd4 10. cxd4 exd4 11. Nfxd4 c5 (11... Nc6 12. Nxc6 Qxc6
13. Bf4 Bd6 14. Nd4 Qb6 15. Bxd6 Qxd6 16. Rc1 O-O 17. Nc6 Re8 18. f3 Be6 19. a3
Qf4 20. Qd4 h5 {Rozentalis,E-Huebner,R/Manila olm/1992/1/2-1/2 (49)}) 12. Nb3
Qxd1 13. Rxd1 Nc6 (13... c4 14. Na5 Ng6 15. Be3 (15. b3 $5 cxb3 16. axb3 Be7
17. Ba3 Bxa3 18. Rxa3 O-O 19. Ne3 f5 $5 20. exf5 Bxf5 21. Rd6 Rae8 22. Rxa6 Bd3
$132 {1/2-1/2 De la Villa Garcia,J-Leko,P/Pamplona9394 (07)/1993 (30)}) 15...
Be7 16. Nc6 Bf6 17. Bd4 Bxd4 18. Rxd4 O-O 19. N2b4 Re8 20. a4 Bb7 21. axb5 axb5
22. Rxa8 Rxa8 23. g3 f6 {1/2-1/2 Malisauskas,V-Huebner,R/Biel izt (02)/1993 
(38)}) 14. Be3 (14. Ne3 Be6 (14... c4 $2 15. Nd5 Ra7 16. Be3 cxb3 17. Bxa7 Nxa7
18. Nc7+ Ke7 19. axb3 {/\ Na6+/-}) 15. Nd5 O-O-O 16. a4 $5 (16. Be3 c4 17. Nc5
Bxc5 18. Bxc5 Kb7 19. a4 Rd7 $13) 16... bxa4 $1 $8 17. Rxa4 Nb4 18. Ra5 Nxd5 (
18... c4 $1 19. Nc5 Nxd5 20. exd5 Rxd5 21. Rxd5 Bxd5 22. Nxa6 Bc6 $1 $15) 19.
exd5 c4 $1 (19... Rxd5 20. Rxd5 Bxd5 21. Nxc5 Bc4 22. Be3 $14) 20. Bf4 $5 {
1-0 Rozentalis,E-Mikhalevski,V/Netanya/1993 (33)}) 14... c4 15. Nc5 f5 (15...
f6 16. Nd4 Nxd4 17. Bxd4 Kf7 18. a4 Bxc5 19. Bxc5 Be6 20. a5 {1/2-1/2 Shaw,
J-Mannion,S/SCO-ch (05)/1995}) 16. Rd5 fxe4 17. a4 b4 18. Rc1 Be7 19. Ne1 O-O
20. Rxc4 Rf5 21. Rd1 Bxc5 22. Rxc5 Rxc5 23. Bxc5 Bg4 24. f3 exf3 25. Nxf3 b3
26. Rd3 {1/2-1/2 Huebner,R-Kamsky,G/Manila olm/1992}) 9... Bb7 (9... Rb8 {
Wedberg} 10. axb5 axb5 11. d4 cxd4 (11... Ng6 12. Nxe5 cxd4 13. Nxg6 hxg6 14.
e5 $13 {1/2-1/2 De la Riva Aguado,O-Foisor,C/Zaragoza op 1996 (41)} (14. e5 {
Ftacnik} Qb6 15. Qxd4 c5 16. Qf4 Be7 17. b4 cxb4 18. Nxb4 Qe6 19. Nd5 Qxd5 20.
e6 Rb7 21. Qxf7+ Kd8 22. Bf4 Bxe6 23. Qxg7 Rg8 24. Qh7 Rd7 {1/2-1/2 De la Riva
Aguado,O-Foisor,C/Zaragoza op (07)/1996 (41)})) 12. cxd4 exd4 13. Ncxd4 c5 14.
Nxb5 (14. Nb3 {Ftacnik} Nc6 15. Be3 Qxd1 16. Rfxd1 c4 $10) 14... Qxd1 15. Nc7+
Kd8 16. Rxd1+ Kxc7 17. Bf4+ Kb7 18. Bxb8 (18. Ra3 $6 {Ftacnik} Nc6 19. Ne5 $5
Nxe5 20. Rb3+ Kc6 21. Rxb8 Bd6) (18. Ra5 $6 {Ftacnik} Ra8 19. Rxc5 Ng6) 18...
Kxb8 19. Ne5 f6 20. Nf7 Rg8 21. Rd8 Kb7 22. Nd6+ Kc7 23. Ra7+ {1/2-1/2 Relange,
E-Geenen,M/Brussels zt 1993}) (9... b4 $6 {Wedberg} 10. Ne3 Nc6 11. cxb4 cxb4
12. b3 $1 $16 {1-0 Godena,M-Hebden,M/Linares zt 1995 (20)} (12. b3 $1 {Ftacnik}
Be6 13. Bb2 f6 14. Rc1 O-O-O $6 (14... Na5 $5) 15. Qc2 Kb7 16. d4 $1 $16 {
1-0 Godena,M-Hebden,M/Linares zt (10)/1995 (21)})) 10. axb5 axb5 11. Rxa8+ $146
(11. Qe2 c4 $1 $13 {de la Villa-Giorgadse (Aceimar 1995)}) (11. Na3 $5 {Ftacnik
}) 11... Bxa8 {Ftacnik: The defender is somewhat underdeveloped, his king has
stuck in the center. Ftacnik: Der Nachziehende ist etwas unterentwicklet, sein
König steckt im Zentrum fest.} 12. d4 {Wedberg: There is clear logic behind
this move: Black is lagging in development so White opens up the game as much
as possible.} (12. Qe2 {Wedberg} c4 13. b3 $5 (13. Rd1 Ng6 14. d3 cxd3 15. Rxd3
Qc6 16. h4 h5 17. Rd1 Bd6 $11 {1/2-1/2 Kotronias,V-Ibragimov,I/Peristeri 1993 
(24)} (17... Bd6 {Ftacnik} 18. Re1 f6 19. g3 Bb7 20. Nd2 Bc8 21. Ne3 Ne7 22. c4
bxc4 23. Nexc4 Bg4 24. Nxd6+ cxd6 25. Qc4 {1/2-1/2 Kotronias,V-Ibragimov,I/
Peristeri (05)/1993})) 13... Ng6 14. bxc4 Nf4 15. Qe3 bxc4 16. Qa7 Bxe4 17.
Qb8+ Ke7 18. Re1 Nh3+ (18... Bxc2 19. Ba3 c5 20. Bxc5 Qxc5 21. Rxe5+ Ne6 22.
Rxc5 Nxc5 23. Qc7+ Nd7 24. Ne5 Bf5) 19. gxh3 Qg6+ 20. Kf1 Bd3+ 21. Re2 Bxe2+
22. Kxe2 Qd3+ 23. Ke1 Qxf3 24. Ba3+ Kf6 25. Bxf8 $14 {1/2-1/2 De la Villa
Garcia,J-Giorgadze,G/Aceimar op 1995 (26)}) 12... cxd4 (12... exd4 {Ftacnik}
13. Qd3 (13. cxd4 Bxe4 14. Re1 Qd5 15. Ng5 $13) 13... Qc6 14. Rd1 f6 15. Na3
$36) 13. cxd4 Bxe4 (13... exd4 $2 {Wedberg} 14. Ncxd4 $36 c6 (14... Bxe4 15.
Nxb5 Qb6 (15... Qxd1 16. Rxd1 $18) 16. Qa4 (16. Qd4 $16 {Ftacnik}) 16... Bc6
17. Nfd4 Bd7 18. Bf4 $18) 15. Qc2 $16) 14. Nxe5 (14. Re1 $5 Qc6 $1) 14... f6 (
14... Nf5 {Ftacnik} 15. Re1 Qd5 16. Qg4 Bxc2 17. Ng6+ $16) 15. Nd3 Bxd3 $2 (
15... c6 $142 16. Re1 (16. Nc5 $5 Bxc2 17. Qxc2 Qxd4) 16... Bxd3 (16... Bg6 {
Wedberg} 17. Bf4 Qd5 18. Ndb4 Qd7 19. Ne3 $16 {/\d5}) (16... Bd5 17. Bf4 Qd8
18. Nc5 $16) (16... f5 {Ftacnik} 17. Nc5 $16) 17. Qxd3 Kf7 $10) 16. Qxd3 c6 17.
Bd2 $1 {/\Rf1-a1} Nd5 (17... Ng6 {Ftacnik} 18. Ra1 $40) 18. Ra1 Be7 (18... Kf7
19. Ra8) (18... Qb8 {Ftacnik} 19. Qe2+ Be7 20. Nb4 Qb7 21. Nxd5 cxd5 22. Bb4
$18) 19. Ra8+ Bd8 20. Qb3 $1 O-O $2 (20... Kf7 21. Ra7+ Be7 (21... Bc7 22. g3
Rc8 23. Ne3 $16) 22. Ne3 Re8 23. Nxd5 Qxd5 24. Qxd5+ cxd5 25. Kf1 Ke6 26. Rb7
$16) (20... Qd7 21. Bb4 $1 (21. Ba5 $6 O-O 22. Bxd8 Rxd8 23. Qh3 Kf7 24. Rxd8
Qxd8 25. Qxh7 Qa5 $1 $44) 21... Kf7 22. Bc5 Re8 23. Ra7 Bc7 24. Ne3 Re6 25. g3)
(20... Kf7 $14 {Wedberg}) (20... Rf8 {Ftacnik} 21. Ba5 Kf7 22. Bb4 Qf4 23. g3
Qc1+ 24. Kg2 Re8 25. Rc8 $16) 21. Bb4 Qf4 22. g3 (22. Ne3 {Ftacnik} Be7 23. Ra6
Kh8 24. Bxe7 Nxe7 $14) 22... Qc1+ 23. Kg2 Be7 (23... Re8 24. Ne3 (24. Ba5 $18 {
Wedberg}) (24. Ba5 $18 {Ftacnik}) 24... Qb1 25. Nxd5 Qe4+ 26. Qf3 Qxd5 27.
Qxd5+ cxd5 28. Ba5 $18) 24. Ra1 $1 $18 Qxa1 (24... Qg5 {Ftacnik} 25. Bxe7 Re8
26. Bd6 $18) 25. Nxa1 Bxb4 26. Nc2 $1 Be7 (26... Bd2 27. Qd3 Bc1 28. Qf5 Ne7 (
28... Bxb2 29. Qe6+ $18) 29. Qd7 Kf7 30. Nb4 $18) (26... Ba5 {Ftacnik} 27. Qa3
Bd2 28. Qd6 $18) 27. Ne3 Rd8 28. Qc2 $1 Nxe3+ (28... Nb4 29. Qe4 Bf8 30. Qe6+
Kh8 31. Nf5 $18) 29. fxe3 Rd6 (29... Rc8 {Ftacnik} 30. d5 c5 31. Qe4 $18) 30.
Qe4 $1 Bf8 31. g4 $1 (31. Qe8 $6 f5) 31... g6 (31... Kf7 {Ftacnik} 32. Qxh7 $18
) 32. Qe8 $1 Kg7 (32... f5 {Ftacnik} 33. gxf5 gxf5 34. Kf3 Rh6 35. h4 $18) 33.
h4 c5 (33... Kg8 34. Kf3 Kg7 (34... f5 35. gxf5 gxf5 36. Kf4 (36. Kf4 Rf6 37.
Kg5 Kg7 38. Qd7+ $18)) 35. Kf4 Kg8 36. h5 gxh5 37. gxh5 Kg7 38. e4 Rxd4 39. h6+
Kg8 40. Qe6+ $18) (33... f5 34. Qe5+ $18) 34. dxc5 Rd2+ 35. Kf3 Bxc5 36. g5 $5
(36. Qxb5 Bd6 {Ftacnik} 37. Qd7+ Kg8 38. h5 $18) 36... Rd5 (36... Rd3 37. gxf6+
Kxf6 38. Qc6+ Bd6 39. Ke2 $18) (36... b4 37. Qe6 $1 $18) 37. gxf6+ (37. e4 {
Ftacnik} Re5 38. gxf6+ Kxf6 39. Qh8+ Ke6 40. Qxh7 $18) 37... Kxf6 38. Qc6+ Ke5
39. e4 Rd3+ 40. Ke2 Re3+ 41. Kd2 Kd4 (41... Ba7 {Ftacnik} 42. Qxb5+ Kf4 43. Qd7
Bc5 44. Qc7+ Kxe4 45. Qxc5 $18) (41... Bd4 {Ftacnik} 42. Qd5+ $18) 42. Qd5# 1-0

[Event "Baku FIDE GP"]
[Site "Baku"]
[Date "2014.10.05"]
[Round "4"]
[White "Kasimdzhanov, Rustam"]
[Black "Svidler, Peter"]
[Result "1/2-1/2"]
[WhiteElo "2706"]
[BlackElo "2732"]
[Annotator "Szabo,Kr"]
[PlyCount "89"]
[EventDate "2014.10.02"]
[EventType "tourn"]
[EventRounds "11"]
[EventCountry "AZE"]
[EventCategory "21"]
[SourceTitle "CBM 163"]
[Source "ChessBase"]
[SourceDate "2014.11.11"]
[SourceVersion "1"]
[SourceVersionDate "2014.11.11"]
[SourceQuality "1"]

1. e4 e5 2. Nf3 Nc6 3. Bb5 a6 4. Bxc6 {Kasimdzhanov has already played many
games in this line.} dxc6 5. O-O Qd6 6. Na3 b5 7. d3 {A rare move, but
Kasimdzhanov is a big expert in this opening, so that he surely had some idea
behind his move.} (7. c3 {is the main line, followed by Nc2 and a4.}) 7... Ne7
8. Nb1 {Suddenly the N is going back. White is happy about b5, so he prepares
for a4.} c5 {Svidler prepares for Nc6, where the N is active in this type of
position.} (8... Ng6 $5 {was an interesting alternative,} 9. a4 Be7 10. Nc3 Rb8
11. Be3 O-O {with a balanced middlegame.}) 9. a4 $1 Rb8 10. axb5 axb5 11. Nc3
$1 $146 {A logical novelty by Kasimdzhanov. The N goes toward the d5-square.} (
11. Be3 Nc6 12. Nbd2 Be7 13. Nb3 Nd4 14. Nfd2 O-O 15. f4 Nxb3 16. Nxb3 c4 $132
{and Black is fine, Ligterink-Zuidema, Nederland 1976.}) 11... Nc6 12. Nd5 {
Suddenly this N has arrived in the centre. 3 moves before it was only on a3,
but now it has a great base on d5.} Be7 $6 {Svidler simply continues his
development and he prepares for 0-0. On the other hand this is a little bit
passive, so White can achieve the following break in the centre.} (12... Be6 {
was also possible,} 13. Ra6 Qd7 ({The greedy} 13... Bxd5 $2 {does not work, as}
14. exd5 Qxd5 15. c4 $1 bxc4 16. Qa4 $1 Rb6 17. Rxb6 cxb6 18. Nxe5 $18 {
and White wins.}) 14. Rxc6 $5 {A very ambitious exchange sacrifice!} ({The
natural} 14. c3 $5 {was another option.}) 14... Qxc6 15. Nxe5 Qb7 16. Qh5 Bd6
17. Qg5 {and White has some initiative for the exchange.}) ({The engine
suggests} 12... Qd8 $5 {, but this is not a human move.} 13. c3 Bd6 14. Be3 O-O
{and Black hasn't got any problem.}) 13. c3 $1 {The right move. White prepares
for d4.} O-O 14. d4 {Now Black is facing a difficult decision.} Bd8 (14... exd4
{could have been met by} 15. cxd4 ({or even} 15. Bf4 $5) 15... cxd4 16. Bf4 Qd7
17. Nxd4 $16 {and White has a great initiative.}) ({Probably the toughest was} 
14... cxd4 15. cxd4 f6 {Black tries to hold his centre and he doesn't allow
Bf4. Nevertheless} 16. dxe5 fxe5 17. Be3 $36 {followed by Rc1. Black's
position is not easy.}) 15. dxe5 Nxe5 16. Nxe5 Qxe5 17. Bf4 {White's pieces
are very active, now he wins a P.} Qe6 (17... Qxe4 $2 {loses to} 18. Re1 Qf5
19. Bxc7 $18) 18. Nxc7 Bxc7 19. Bxc7 Rb7 20. Qd6 Qxe4 21. Rfe1 Qg6 22. Qxc5 {
White is a P up, but thanks to the opposite coloured Bs Black has some drawimg
chances.} h6 23. Ra8 {Threatening with Qxf8!} Qf5 {The only move.} 24. Bd6 Qxc5
25. Bxc5 Rd8 26. h3 Kh7 27. Kh2 Rg8 {Black prepares for Be6, now the R is
protected.} 28. b4 (28. g4 Be6 29. Rxg8 Kxg8 30. Kg3 Rd7 {is similar to the
text move.}) 28... Be6 29. Ra6 Rbb8 30. Re5 Ra8 31. Ra5 Bc4 {A nice square for
the bishop, White can't create a passed P.} 32. Bd4 Rge8 33. Rxa8 Rxa8 34. g4
Ra2 35. h4 Rd2 36. Kg3 {White tries to go on the kingside as much as possible.
However Black's rook is active and he has some counterplay with his unpleasant
checks.} f6 37. Rc5 Be2 38. h5 (38. g5 Rd3+ 39. Kf4 hxg5+ 40. hxg5 Kg6 41. gxf6
gxf6 42. Rc6 Rf3+ 43. Ke4 Kg5 {and Black can hold.}) 38... Rd3+ 39. Kf4 Rf3+
40. Ke4 Rh3 41. Rc7 Kg8 42. Kf5 Rf3+ 43. Ke4 Rh3 44. Kf5 Rf3+ 45. Ke4 {Nice
defence by Svidler!} 1/2-1/2

[Event "Olympiad-31"]
[Site "Moscow"]
[Date "1994.12.14"]
[Round "13.3"]
[White "Santo Roman, Marc"]
[Black "Romanishin, Oleg M"]
[Result "1/2-1/2"]
[WhiteElo "2420"]
[BlackElo "2605"]
[Annotator "Vaisser,A"]
[PlyCount "56"]
[EventDate "1994.12.01"]
[EventType "team-swiss"]
[EventRounds "14"]
[EventCountry "RUS"]
[SourceTitle "CBM 045"]
[Source "ChessBase"]
[SourceDate "1995.04.01"]
[SourceVersion "1"]
[SourceVersionDate "1995.04.01"]
[SourceQuality "1"]
[WhiteTeam "France"]
[BlackTeam "Ukraine"]
[WhiteTeamCountry "FRA"]
[BlackTeamCountry "UKR"]

1. e4 e5 2. Nf3 Nc6 3. Bb5 a6 4. Bxc6 dxc6 5. O-O Qd6 6. Na3 Be6 7. Qe2 f6 8.
Rd1 Bg4 9. Nc4 Qe6 10. Ne3 Bd6 (10... Bxf3 11. Qxf3 O-O-O 12. b3 Nh6 13. Bb2
Bc5 14. d3 $14 {De la Villa - Kruppa, Moscow (ol) 1994}) 11. Nxg4 Qxg4 12. d4
Ne7 13. dxe5 fxe5 14. h3 Qe6 {[#]} 15. Ng5 $1 Qf6 16. Qc4 h6 17. Ne6 b5 18. Qb3
c5 $8 19. Rxd6 $1 cxd6 20. Nc7+ Kd7 21. Nxa8 Rxa8 22. a4 $1 b4 23. Be3 Qe6 24.
Qd3 $1 $16 (24. Qxe6+ $2 Kxe6 $15) 24... Kc7 25. f4 $1 exf4 26. Bxf4 Nc6 $2 (
26... Ng6 $5 27. Bg3 Ne5) 27. Rd1 Rd8 (27... Ne5 28. Qg3 g5 29. Bxe5 Qxe5 30.
Qxe5 dxe5 31. Rd5 $16) 28. Bg3 (28. Qxa6 $5 Qxe4 29. a5 $1) 28... Kb7 $2 (28...
Kb7 $2 29. Bxd6 Ne5 30. Qd5+ Qxd5 31. Rxd5 $18) 1/2-1/2

[Event "Donner Memorial-A"]
[Site "Amsterdam"]
[Date "1994.??.??"]
[Round "6"]
[White "Timman, Jan H"]
[Black "Xie, Jun"]
[Result "0-1"]
[WhiteElo "2635"]
[BlackElo "2515"]
[Annotator "Wedberg,T"]
[PlyCount "71"]
[EventDate "1994.08.??"]
[EventType "tourn"]
[EventRounds "9"]
[EventCountry "NED"]
[EventCategory "15"]
[SourceTitle "CBM 043"]
[Source "ChessBase"]
[SourceDate "1994.12.01"]
[SourceVersion "1"]
[SourceVersionDate "1994.12.01"]
[SourceQuality "1"]

1. e4 e5 2. Nf3 Nc6 3. Bb5 a6 4. Bxc6 dxc6 5. O-O Qd6 6. Na3 Be6 7. Qe2 f6 8.
Rd1 c5 $146 (8... O-O-O) 9. c3 Bg4 10. Nc2 O-O-O 11. d4 Qc6 12. d5 $14 Qe8 13.
Ne3 Bh5 14. b4 $1 Nh6 (14... cxb4 $6 15. cxb4 Bxb4 16. Rb1 $40) 15. Nc4 g5 16.
bxc5 $6 (16. Be3 $14) 16... g4 17. Nh4 g3 $132 18. f3 (18. Nf3 $2 gxf2+ 19.
Qxf2 Ng4 20. Qe2 Bxc5+ $17) 18... Bxc5+ 19. Kh1 Qf8 20. Rb1 (20. hxg3 $5 Rg8
21. Kh2 Qg7 22. Qe1 $13) 20... Be8 21. Na5 Bb6 22. Nc4 Bf2 23. Na5 Bb6 24. Nb3
$2 (24. Nc4 $10) 24... f5 $1 $40 {פh4,/\Qf6} 25. Bg5 (25. hxg3 $2 f4 {פh4}
26. c4 fxg3 27. c5 Qf6 $19) 25... Rd7 26. exf5 Rg8 27. Be3 Qf6 28. Bxb6 Qxh4
29. Bg1 gxh2 30. Bf2 (30. Bxh2 Nxf5 $17) 30... Rxg2 $3 31. Bxh4 $8 (31. Kxg2
h1=Q+ $1 32. Rxh1 Rg7+ 33. Kf1 Qxh1+ 34. Bg1 Qxg1#) 31... Rxe2 32. Nc5 Bh5 $1
$19 33. Rf1 Rxd5 34. Ne4 Nxf5 35. Nf6 Nxh4 36. Nxh5 0-1

[Event "Pamplona 9495 5th"]
[Site "Pamplona"]
[Date "1994.??.??"]
[Round "?"]
[White "Magem Badals, Jordi"]
[Black "Morozevich, Alexander"]
[Result "0-1"]
[WhiteElo "2520"]
[BlackElo "2575"]
[Annotator "Wedberg,T"]
[PlyCount "80"]
[EventDate "1994.12.??"]
[EventType "tourn"]
[EventRounds "9"]
[EventCountry "ESP"]
[EventCategory "13"]
[SourceTitle "CBM 046"]
[Source "ChessBase"]
[SourceDate "1995.06.01"]
[SourceVersion "1"]
[SourceVersionDate "1995.06.01"]
[SourceQuality "1"]

1. e4 e5 2. Nf3 Nc6 3. Bb5 a6 4. Bxc6 dxc6 5. O-O Qf6 6. d4 exd4 7. Bg5 Qd6 (
7... Qg6 8. Qxd4 Bd6 9. Qe3 Nf6 10. Bxf6 gxf6 11. Nc3 Rg8 12. g3 Qh5 $132 {
Doroshkievich,V-Nikolaevsky,Y/Tibilisi/1967}) 8. Nxd4 Bd7 9. Nc3 Be7 10. Bxe7
Nxe7 11. Nb3 O-O-O 12. Qe2 (12. Qxd6 $10) 12... g5 $6 13. Qe3 b6 14. Qxg5 $14
Rhg8 15. Qe3 Qg6 16. g3 h5 17. f3 $2 {עg1} (17. Rad1 $16) 17... f5 $132 18.
exf5 Nxf5 19. Qd3 Kb8 20. Ne4 Rg7 21. Qc3 Rf8 22. Rae1 c5 23. Rf2 Bc6 24. Nbd2
Re7 25. b4 $6 (25. a3 {/\b4}) 25... cxb4 26. Qxb4 Rd8 27. Nb3 Re5 28. Qc3 Rde8
29. Nbd2 Bb7 30. Ref1 h4 31. g4 h3 32. Re1 Nh4 33. Rfe2 a5 34. Ng3 $2 Rxe2 35.
Rxe2 Rxe2 36. Nxe2 Nxf3+ $19 37. Nxf3 Qxg4+ 38. Kf2 Qg2+ 39. Ke1 Bxf3 40. Qe3
Bd5 0-1